000 00275nam a2200121Ia 4500
008 190216s9999||||xx |||||||||||||| ||und||
100 _aSayers R S
245 0 _aModern Banking
260 _bOxford University Press
_c1967
300 _a342p
650 _aCommerce
942 _cBK
999 _c5081
_d5081